Quizzes
Events
Quiz Creation
Community
Videos
Private Events
Remove Ads
Sign In
Join for FREE
Feedback
Dark Mode
Quiz Categories
Sports
Geography
Music
Movies
Television
Just For Fun
Miscellaneous
History
Literature
Language
Science
Gaming
Entertainment
Religion
Holiday
For Kids
Quiz Lab
Recent
Popular Today
Quiz Kudos Today
Editor Picks
Curator Picks
Quizzes by...
Day
Popularity
Type
Ratings
Length
Year
Community
Subscriptions
Recent Discussions
Orange Saloon
Badges
Playlists
Quests
Create
Leaderboards
Showdown
Live 5
Trivia Bingo
Activity
Puzzle Library
Sporcle Events
Private Events
Virtual Trivia
Globe League
Become a Host
Pub Owners
SporcleCon
Opinionation
Our Games
Videos
Blog
Mobile Apps
Partnerships
Remove Ads and Go Orange
Feedback
Geography
Country
Landmarks
City
State
Population
World
Capital
Continent
Flags
Europe
Africa
Asia
South America
North America
Oceania
Border
Canada
United Kingdom
Topography
United States
Geography
Country
Landmarks
City
State
Population
World
Capital
Continent
Flags
Europe
Africa
Asia
South America
North America
Oceania
Border
Canada
United Kingdom
Topography
United States
Random Quiz
Search Sporcle
×
Quiz Lab
Quiz Lab
Geography
Canada
Type in answers that appear in a list
Type in answers that appear in a list
Classic
Best Score? Go Orange.
Canada's 50 biggest cities (2011) Stats
Can you name the 50 biggest cities (by population) in Canada?
By
reepicheep
10m
50 Questions
1,366 Plays
1,366 Plays
1,366 Plays
Comments
Comments
Give Quiz Kudos
Give Quiz Kudos
-
- Ratings
hide this ad
More Info
Replay
Link that replays current quiz
Next Quiz
Link to next quiz in quiz playlist
You Got
0%
They Got
Avg Score
51%
Avg Friend Score
Upgrade to see
Score Distribution
Jump to the score distribution portion of the page
Score
0/50
Timer
10:00
0
Plays Today
Province
City
% Correct
Ontario
Toronto
99.3%
Québec
Montreal
97.7%
British Columbia
Vancouver
95.8%
Alberta
Calgary
94.5%
Ontario
Ottawa
94.3%
Alberta
Edmonton
94.1%
Québec
Québec City
91.3%
Manitoba
Winnipeg
90.3%
Nova Scotia
Halifax
81.7%
Saskatchewan
Saskatoon
77.4%
Ontario
Hamilton
76.7%
Saskatchewan
Regina
76.7%
Ontario
London
75.8%
Newfoundland/
Labrador
St. John's
71.2%
Ontario
Mississauga
69.1%
Ontario
Windsor
66.5%
Ontario
Thunder Bay
57.7%
Ontario
Kitchener
57.4%
Québec
Laval
54%
Ontario
Brampton
52.9%
British Columbia
Surrey
52.7%
Ontario
Kingston
52.6%
Ontario
Greater Sudbury
48.4%
British Columbia
Richmond
46.7%
Ontario
Oshawa
46.2%
Province
City
% Correct
British Columbia
Kelowna
44.2%
Québec
Gatineau
43.3%
Ontario
Barrie
41.3%
Québec
Trois-Rivières
40.9%
British Columbia
Burnaby
40.3%
Ontario
Markham
40.1%
Ontario
Guelph
38.8%
Québec
Sherbrooke
38.6%
British Columbia
Abbotsford
35.9%
Ontario
Oakville
33.2%
Ontario
St. Catharines
33.1%
Ontario
Vaughan
33%
Ontario
Burlington
32.2%
Ontario
Ajax
31.2%
Ontario
Richmond Hill
28.7%
Ontario
Cambridge
26.8%
Ontario
Whitby
25.4%
Québec
Longueuil
22.9%
Québec
Lévis
21.8%
Ontario
Chatham-Kent
21.2%
British Columbia
Langley
20.7%
Québec
Saguenay
19.5%
British Columbia
Coquitlam
18.8%
Québec
Terrebonne
14.7%
British Columbia
Saanich
11.3%
Quiz Playlist
Details
Report
Send in Message
Add To Playlist
More Info:
Data from the 2011 Canadian census, population and dwelling counts topic, released Feb. 8, 2012
Classic:
Type in answers that appear in a list
Quiz Source
Last Updated: Feb 16, 2017
Quiz Scoreboard
CHALLENGE
Sign Up to Join the Scoreboard
Show All
Scores
Hide
Comments
May contain spoilers
Recently Published
Alphabetical 'K' Countries by Flag Minefield
by ylime102
Geography
3m
Pick 6: Fruits
by JohnFran
Miscellaneous
15s
Click the 1999 NBA Draft
by nibperrychub
Sports
2m
More to Explore
Quiz From the Vault
Featured Blog Post
15 Basketball Trivia Facts You Can Be March Mad About
hide this ad
You Might Also Like...
Tags
Canada Quiz
City Quiz
Population Quiz
Canadian Cities
census
Top 50
Today's Top Quizzes in Geography
Browse Geography
hide this ad
Today's Top Quizzes in Canada
Browse Canada
Top Contributed Quizzes in Geography
1
Complete the Map Snippet (Minefield) IX
2
Countries of the World - No Outlines Minefield
3
Alphabetical 'B' Countries by Flag Minefield
4
Find the Landmarks A-Z
5
Alphabetical 'L' Countries By Flag Minefield
6
Countries of Africa - No Outlines, No Skips Minefield
7
Alphabetical 'A' Countries by Flag Minefield
8
Pick 6: Mountains
9
30 Pics in 60: Landmarks
10
Alphabetical 'N' Countries by Flag Minefield
Explore More
Trending Topics
Kpop
NBA
Marvel
Harry Potter
Anime
Disney
Crossword
Soccer
Song
WWE
Puzzle
The Office
Pokémon
Country
NFL
hide this ad
More By:
reepicheep
Quiz
Plays
Rating
Category
Featured
Created
Most Killed/Eaten Animals
511,565
4.22
Miscellaneous
Apr 27, 2011
Novels Everyone Loves
48,473
4.28
Literature
Apr 12, 2011
Paul McCartney's US #1s
12,232
4.53
Music
Aug 6, 2010
'N'-less countries
2,823
3.65
Geography
Sep 7, 2010
Canada's 50 biggest cities (2011)
1,366
4.71
Geography
Feb 8, 2012
Go to Creator's Profile
Score Distribution
Quiz Creator Spotlight
reepicheep
Follow
Send a Message
Quizzes Created
-
Created Quiz Play Count
-
More By This Creator
Popular Quizzes Today
1
Find the US States - No Outlines Minefield
2
Countries of Asia Without Outlines Minefield
3
Pick 6: Fruits
4
Alphabetical 'K' Countries by Flag Minefield
5
The Countries of the World
6
Click the 1999 NBA Draft
7
Find the US States
8
Match the Book to the Film X
More Geography Quizzes
Capital Location: United States of America
Published
Trending Quizzes
Pick 6: Harry Potter
Pick 6: Golfers
Pick 6: Movie Franchises
Pick 6: Foods
Pick 6: Landmarks
Recently Updated
Women's Final Four Teams by Year
bhenderson79
Presidents Quartet II
eogle
Anything But Clue(do)
eogle
Anything But Oceanian Capitals
eogle
Anything But 7
eogle
Anything But Thing
eogle
Word Ladder: February 29
pecheneg
Song Title Questions
pecheneg
Women's NCAA Tournament #1 Seeds
pecheneg
Celebrity Mug Shots
pecheneg
Trending Topics
NBA
Kpop
Crossword
Marvel
Anime
Disney
Harry Potter
NFL
The Office
Pokémon
Puzzle
WWE
Country
Song
Soccer
Your Account Isn't Verified!
In order to create a playlist on Sporcle, you need to verify the email address you used during registration. Go to your
Sporcle Settings
to finish the process.
Report this User
Report this user for behavior that violates our
Community Guidelines
.
Details:
Send Report
Go to the Sporcle.com Mobile Site →
Comments